[Event "11th Mediterranean Flower"]
[Site "Rijeka CRO"]
[Date "2011.03.03"]
[Round "7"]
[White "Medic,Mir"]
[Black "Bollengier,A"]
[Result "1/2-1/2"]
[WhiteElo "2279"]
[BlackElo "2251"]

1.d4 Nf6 2.c4 e6 3.Nc3 Bb4 4.Qc2 O-O 5.a3 Bxc3+ 6.Qxc3 h6 7.Qc2 d6 8.Nf3 Re8
9.e4 e5 10.d5 a5 11.b3 Nbd7 12.Be2 Nf8 13.h3 Ng6 14.g3 Rf8 15.Be3 Nd7 16.Rb1 Nc5
17.b4 axb4 18.axb4 Na6 19.Bd3 c5 20.dxc6 bxc6 21.c5 dxc5 22.bxc5 Qa5+ 23.Bd2 Qxc5
24.Rc1 Qd6 25.Kf1 c5 26.Kg2 Nb4 27.Bxb4 cxb4 28.Bc4 Be6 29.Rhd1 Qe7 30.Bxe6 Qxe6
31.Rb1 Rfc8 32.Qd2 Rc4 33.Rxb4 Qc6 34.Rxc4 Qxc4  1/2-1/2

[Event "Noteboom Memorial GpA"]
[Site "Leiden NED"]
[Date "2011.03.05"]
[Round "2"]
[White "Riemersma,L"]
[Black "Galje,H"]
[Result "1-0"]
[WhiteElo "2425"]
[BlackElo "2146"]

1.d4 Nf6 2.c4 e6 3.Nc3 Bb4 4.Qc2 O-O 5.a3 Bxc3+ 6.Qxc3 d6 7.Bg5 Nbd7 8.e3 b6
9.Bd3 Bb7 10.Ne2 Qe7 11.O-O Rfe8 12.Qc2 h6 13.Bh4 e5 14.Bf5 Qf8 15.Nc3 a6
16.Nd5 g5 17.Bg3 Bxd5 18.cxd5 Ra7 19.Rac1 Qe7 20.dxe5 Nxe5 21.f4 Neg4 22.fxg5 hxg5
23.e4 Ne5 24.Qd2 Nh5 25.Bxe5 dxe5 26.Rc6 Kg7 27.g3 Rh8 28.Bg4 Rh6 29.Bxh5 Rxh5
30.Rf5 Ra8 31.Qc3  1-0

[Event "ch-PriFO A"]
[Site "Tolyatti RUS"]
[Date "2011.03.12"]
[Round "3.3"]
[White "Pushin,V"]
[Black "Virovlansky,S"]
[Result "1/2-1/2"]
[WhiteElo "2393"]
[BlackElo "2449"]

1.d4 Nf6 2.c4 e6 3.Nc3 Bb4 4.Qc2 O-O 5.a3 Bxc3+ 6.Qxc3 d5 7.Nf3 dxc4 8.Qxc4 b6
9.Bg5 Bb7 10.Rc1 c5 11.dxc5 h6 12.Bxf6 Qxf6 13.Qc3 Qxc3+ 14.Rxc3 Rc8 15.e3 Nd7
16.Bb5 Nxc5 17.Ke2 a6 18.Bd3 Nxd3 19.Kxd3 Rxc3+ 20.Kxc3 Rc8+ 21.Kd2 Be4 22.Ne1 Rd8+
23.Kc1 Rc8+ 24.Kd2 f5 25.f3 Bb1 26.h4 g6 27.g3 Rd8+ 28.Kc1 Ba2 29.Rh2 Bb3
30.Rd2 Rc8+ 31.Kb1 Bd5 32.Rc2 Rd8 33.Kc1 Kg7 34.Rc7+ Kf6 35.f4 Be4 36.Nc2 e5
37.fxe5+ Kxe5 38.Nd4 g5 39.Re7+ Kd5 40.Ne2 Kc4 41.Re6 Kd3 42.Nc3 Rb8 43.Rxh6 gxh4
44.gxh4 Kxe3 45.h5 a5 46.Rg6 b5 47.h6 Rh8 48.Re6 b4 49.axb4 axb4 50.Nd5+ Ke2
51.Nf4+ Ke3 52.Nd5+ Ke2 53.Nf4+ Ke3 54.Nd5+  1/2-1/2

[Event "43rd WGM"]
[Site "Belgrade SRB"]
[Date "2011.03.14"]
[Round "9.3"]
[White "Olarasu,G"]
[Black "Maksimovic,S"]
[Result "0-1"]
[WhiteElo "2273"]
[BlackElo "2203"]

1.d4 Nf6 2.c4 e6 3.Nc3 Bb4 4.Qc2 O-O 5.a3 Bxc3+ 6.Qxc3 d6 7.Nf3 a5 8.b3 Nc6
9.Bb2 Qe7 10.e3 Re8 11.Be2 e5 12.d5 Nb8 13.Qc2 Bg4 14.e4 Na6 15.h3 Bh5 16.g4 Bg6
17.Nd2 c6 18.dxc6 bxc6 19.f3 d5 20.O-O dxe4 21.Nxe4 Nc5 22.Nxf6+ Qxf6 23.Qc3 Qf4
24.Kg2 a4 25.b4 Nb3 26.Rad1 h5 27.Bc1 Nxc1 28.Qxc1 h4 29.Qxf4 exf4 30.Rd2 Re3
31.Ra1 Rae8 32.Kf2 Rc3 33.Raa2 Ree3 34.Rd8+ Kh7 35.Rc8 Bd3 36.Rxc6 Bxe2 37.Rxe2 Rxf3+
38.Ke1 Rxa3 39.b5 Ra1+ 40.Kd2 Ra2+ 41.Ke1 Ra1+ 42.Kd2 Rb3 43.Re5 Ra2+ 44.Kc1 g6
45.Rc7 Rxh3 46.Kb1 Rhh2 47.Rxf7+ Kh6 48.b6 Rhd2 49.Kc1 a3  0-1

[Event "ch-PriFO A"]
[Site "Tolyatti RUS"]
[Date "2011.03.18"]
[Round "9.9"]
[White "Sanzhaev,D"]
[Black "Tunik,G"]
[Result "0-1"]
[WhiteElo "2170"]
[BlackElo "2436"]

1.d4 Nf6 2.c4 e6 3.Nc3 Bb4 4.Qc2 O-O 5.a3 Bxc3+ 6.Qxc3 d6 7.Bg5 Nbd7 8.e3 b6
9.Ne2 c5 10.Rd1 Qc7 11.Qc2 Bb7 12.Nc3 a6 13.f3 cxd4 14.Rxd4 d5 15.cxd5 Nxd5
16.Bd3 Qe5 17.Nxd5 Qxg5 18.Rg4 Qh6 19.Ne7+ Kh8 20.f4 Nc5 21.Bxh7 Rfe8 22.Ng6+ Kxh7
23.Rh4 Be4 24.Rxh6+ Kxh6 25.Qc3 Nd3+ 26.Ke2 Rac8 27.Qb3 Kxg6 28.Qa4 Rc2+
29.Kf1 Bxg2+ 30.Kg1 Rec8  0-1

[Event "Kiev Spring 2011"]
[Site "Kiev UKR"]
[Date "2011.03.19"]
[Round "1.16"]
[White "Borzov,D"]
[Black "Yashchenko,O"]
[Result "1-0"]
[WhiteElo "2166"]
[BlackElo "1768"]

1.d4 Nf6 2.c4 e6 3.Nc3 Bb4 4.Qc2 O-O 5.a3 Bxc3+ 6.Qxc3 Ne4 7.Qc2 d5 8.Bf4 c5
9.dxc5 Nc6 10.Nf3 g5 11.Be3 g4 12.Nd2 Qa5 13.f3 Nxd2 14.Qxd2 Qxd2+ 15.Bxd2 gxf3
16.exf3 d4 17.b4 e5 18.Bd3 f5 19.O-O-O Bd7 20.Rde1 Rfe8 21.Re2 e4 22.fxe4 Ne5
23.Kc2 fxe4 24.Bxe4 Ba4+ 25.Kc1 Bb3 26.Rhe1 Bxc4 27.Bxh7+ Kxh7 28.Rxe5 Rxe5
29.Rxe5 a5 30.Re7+ Kg8 31.Rxb7 axb4 32.Rxb4 Bd5 33.Rxd4  1-0

[Event "5th Agzamov Mem"]
[Site "Tashkent UZB"]
[Date "2011.03.19"]
[Round "2"]
[White "Vakhidov,J"]
[Black "Filippov,An UZB"]
[Result "0-1"]
[WhiteElo "2295"]
[BlackElo "2604"]

1.d4 Nf6 2.c4 e6 3.Nc3 Bb4 4.Qc2 O-O 5.a3 Bxc3+ 6.Qxc3 b6 7.Bg5 c5 8.dxc5 bxc5
9.e3 d6 10.Bd3 Nbd7 11.Ne2 a5 12.b3 Qb6 13.O-O Bb7 14.f3 h6 15.Bh4 a4 16.b4 cxb4
17.axb4 Qxe3+ 18.Bf2 Qe5 19.Qd2 Nh5 20.Bc2 Qg5 21.Qxg5 hxg5 22.Bxa4 Ne5 23.Bb5 Nd3
24.c5 Nxf2 25.Kxf2 dxc5 26.bxc5 Rxa1 27.Rxa1 Rc8 28.Rc1 Bd5 29.c6 Nf6 30.Nd4 Ne8
31.Ba6 Ra8 32.Bb7 Ra2+ 33.Kg3 Nc7 34.Rb1 Ra5 35.Bc8 Ra4 36.Rb7 Rxd4 37.Rxc7 Rc4
38.Bb7 g6 39.Kf2 Rc2+ 40.Ke3 Rxg2 41.Kd3 Bxf3 42.Rc8+ Kg7 43.Ba8 Rxh2 44.c7 Be2+
45.Kc3 Ba6 46.Rb8 Rh4 47.c8=Q Bxc8 48.Rxc8 Rf4 49.Kd3 g4 50.Rc4 Rxc4 51.Kxc4 f5
52.Kd4 Kf6 53.Bb7 e5+ 54.Ke3 e4 55.Kf4 g5+ 56.Kg3 Ke5 57.Ba6 Kd4 58.Bc8 Ke5
59.Ba6 e3 60.Bd3 Ke6 61.Bc4+ Kd6 62.Bd3 Ke5 63.Ba6 Kd4 64.Bc8 Kc3 65.Bxf5 e2  0-1

[Event "5th Agzamov Mem"]
[Site "Tashkent UZB"]
[Date "2011.03.22"]
[Round "5"]
[White "Mchedlishvili,M"]
[Black "Jumabayev,R"]
[Result "1-0"]
[WhiteElo "2629"]
[BlackElo "2562"]

1.d4 Nf6 2.c4 e6 3.Nc3 Bb4 4.Qc2 O-O 5.a3 Bxc3+ 6.Qxc3 d5 7.Bg5 c5 8.dxc5 d4
9.Qc2 e5 10.e3 h6 11.Bh4 dxe3 12.fxe3 Nbd7 13.b4 a5 14.Rb1 axb4 15.axb4 Ra3
16.Qc1 Ra2 17.Ne2 Nxc5 18.Nc3 Nd3+ 19.Bxd3 Qxd3 20.Nxa2 Bg4 21.Rb2 Ne4 22.h3 Be6
23.Rc2 Ra8 24.Nc3 Nd6 25.c5 Nc4 26.Bf2 Bf5 27.e4 Bxe4 28.Nxe4 Qxe4+ 29.Kf1  1-0

[Event "TCh-HUN 2010-11"]
[Site "Budapest HUN"]
[Date "2011.03.27"]
[Round "7"]
[White "Kaposztas,M"]
[Black "Medvegy,N"]
[Result "1/2-1/2"]
[WhiteElo "2258"]
[BlackElo "2336"]

1.d4 Nf6 2.c4 e6 3.Nc3 Bb4 4.Qc2 O-O 5.a3 Bxc3+ 6.Qxc3 b6 7.Nf3 Bb7 8.g3 d5
9.Bg2 Nbd7 10.Bg5 c5 11.cxd5 Bxd5 12.Bxf6 Qxf6 13.O-O Rac8 14.Rfd1 Rfd8 15.Qe3 h6
16.Ne1 Nf8 17.dxc5 Rxc5 18.Rd2 Bxg2 19.Kxg2 Rxd2 20.Qxd2 Rd5 21.Qc2 Rc5 22.Qd2 Qe5
23.Rd1 Rd5 24.Nd3 Qd6 25.Qc2 Nd7 26.f3 Nc5 27.Nf2 Rxd1 28.Nxd1 a5 29.Nc3 Qd4
30.Nd1 g6 31.Nf2 h5 32.h4 Kg7 33.Nd1 Kf8 34.Nc3 Kg7 35.Nb5 Qd5 36.Qc3+ Kg8
37.Qc2 e5 38.b4 axb4 39.axb4 Ne6 40.Nc7 Nxc7 41.Qxc7 Qd4 42.Qe7 Kg7 43.Kf1 Qd1+  1/2-1/2

[Event "1st Armen Norouz Cup"]
[Site "Esfahan IRI"]
[Date "2011.03.28"]
[Round "5"]
[White "Roushan Reyshah,Sarina"]
[Black "Mehrabi,Mo"]
[Result "0-1"]
[WhiteElo "1614"]
[BlackElo "1962"]

1.d4 Nf6 2.c4 e6 3.Nc3 Bb4 4.Qc2 O-O 5.Bg5 c5 6.dxc5 Nc6 7.a3 Bxc5 8.e3 Ne5
9.Rd1 Be7 10.Be2 b6 11.Nf3 Ng6 12.O-O Bb7 13.Qd2 d6 14.Nd4 a6 15.Bf3 Bxf3
16.Nxf3 Qc7 17.b3 Rac8 18.Bxf6 gxf6 19.Ne4 f5 20.Ng3 b5 21.cxb5 axb5 22.Rc1 Qa7
23.Qb2 Ra8 24.Nh5 e5 25.Ng3 Qxa3 26.Qxa3 Rxa3 27.Nxf5 Rxb3 28.Rc7 Re8 29.h4 h5
30.Rd1 Rb2 31.Nxd6 Rd8 32.Rc8 Rxc8 33.Nxc8 Bxh4 34.Nxh4 Nxh4 35.Rd8+ Kg7
36.Rd5 Ng6 37.Nd6 Rb1+ 38.Kh2 b4 39.Rb5 b3 40.Nc4 Rc1 41.Na3 Rc3 42.Nb1 Rc2
43.Rxb3 Rxf2 44.Kg3 Rf1 45.Nd2 h4+ 46.Kh2 Rf2 47.Ne4 Re2 48.Kg1 f5 49.Kf1 Rc2
50.Rb7+ Kh6 51.Nd6 Kg5 52.Rg7 Rc6 53.Ne8 Ra6 54.Nc7 Ra3 55.Kf2 Ra2+ 56.Kf1 Kh6
57.Rf7 Ra7 58.Kf2 e4 59.Ke2 Nh8 60.Rf6+ Kg5 61.Rc6 Ra2+ 62.Kf1 Nf7 63.Ne6+ Kg4
64.Nf4 Ne5 65.Rc8 Ra1+ 66.Ke2 Kg3 67.Rg8+ Ng4 68.Rg5 Ra3 69.Kd2 Ra2+ 70.Ke1 Rxg2
71.Nxg2 Kxg2 72.Rxf5 h3 73.Rg5 Kg3 74.Kd2 h2 75.Rh5 Kg2 76.Rh4 Nf6 77.Rh6 h1=Q
78.Rg6+ Ng4 79.Rxg4+ Kh3  0-1

[Event "Karposh Open"]
[Site "Skopje MKD"]
[Date "2011.04.07"]
[Round "7"]
[White "Sekulovska,V"]
[Black "Videnova,I"]
[Result "1/2-1/2"]
[WhiteElo "2117"]
[BlackElo "2304"]

1.d4 Nf6 2.c4 e6 3.Nc3 Bb4 4.Qc2 O-O 5.a3 Bxc3+ 6.Qxc3 Ne4 7.Qc2 f5 8.e3 b6
9.Nh3 Bb7 10.f3 Nf6 11.Bd3 d6 12.Bd2 Nbd7 13.O-O g6 14.Rae1 e5 15.d5 Qe7
16.Bc3 h6 17.b4 Rae8 18.f4 Rc8 19.e4 c6 20.dxc6 Bxc6 21.exf5 e4 22.Qf2 gxf5
23.Qd4 Kh7 24.Rf2 Rg8 25.Bf1 d5 26.b5 Bb7 27.Bb4 Qe6 28.cxd5 Bxd5 29.Rd2 Rge8
30.Be2 Nc5 31.Qe5 Nb3 32.Qxe6 Rxe6 33.Rb2 Nd4 34.Nf2 Rg8 35.g3 Nxe2+ 36.Rbxe2 Bc4
37.Rc2 Bxb5 38.Rc7+ Rg7 39.Rxg7+ Kxg7 40.Nd1 a5 41.Bc3 Rc6 42.Bd4 Kg6 43.Ne3 Bd3
44.h3 h5 45.Rd1 Nd7 46.Kf2 Rd6 47.Bb2 Nc5 48.Be5 Rd7 49.g4 fxg4 50.hxg4 hxg4
51.Rg1 Bb5 52.Rxg4+ Kf7 53.Rg7+ Kf8 54.Rxd7 Nxd7 55.Bc7 Bc6 56.Nc4 b5 57.Ne5 Nxe5
58.Bxe5 Kf7 59.Bc3 b4 60.axb4 a4 61.Ke3 Ke6 62.b5  1/2-1/2

[Event "10th Weiz City Open"]
[Site "Weiz AUT"]
[Date "2011.04.08"]
[Round "2"]
[White "Ernst,M"]
[Black "Trkulja,Z"]
[Result "1/2-1/2"]
[WhiteElo "2147"]
[BlackElo "2217"]

1.d4 Nf6 2.c4 e6 3.Nc3 Bb4 4.Qc2 O-O 5.a3 Bxc3+ 6.Qxc3 b5 7.cxb5 c6 8.Bg5 cxb5
9.e3 Bb7 10.f3 a6 11.Bd3 Nc6 12.Ne2 Rc8 13.Qd2 h6 14.Bh4 Ne4 15.Bxd8 Nxd2
16.Kxd2 Rfxd8 17.b4 Ne7 18.a4 Nd5 19.Rhb1 Bc6 20.axb5 Bxb5 21.Bxb5 axb5 22.Ra5 Nb6
23.Kd3 Nc4 24.Ra7 d5 25.g4 e5 26.Nc3 Nxe3 27.dxe5 Nc4 28.f4 g5 29.Nxb5 gxf4
30.Re1 Re8 31.Kd4 Nd2 32.Kxd5 f3 33.Rd1 f2 34.Raa1 Nf3 35.Ke4 Nxe5 36.Nd6 Nxg4+
37.Nxe8 Rxe8+ 38.Kf3 f1=Q+ 39.Rxf1 Nxh2+ 40.Kf4 Nxf1 41.Rxf1 Rb8 42.Rb1 Rb5
43.Ke4 Kg7 44.Kd4 Kg6 45.Kc4 Rb8 46.b5 Kg5 47.b6 h5 48.Kd3 Kf4 49.Ke2 Ke4
50.Rb4+ Kd5 51.Rb5+ Kc6 52.Rxh5 Rxb6 53.Rh6+ Kc5 54.Rxb6 Kxb6 55.Ke3 Kc6
56.Ke4 Kd6 57.Kf5 Ke7 58.Ke5 f6+ 59.Kf5 Kf7 60.Kf4 Ke6  1/2-1/2

[Event "TCh-HUN 2010-11"]
[Site "Zalaegerszeg HUN"]
[Date "2011.04.10"]
[Round "8"]
[White "Csiszar,Z"]
[Black "Farago,I"]
[Result "1/2-1/2"]
[WhiteElo "2276"]
[BlackElo "2420"]

1.d4 Nf6 2.c4 e6 3.Nc3 Bb4 4.Qc2 O-O 5.a3 Bxc3+ 6.Qxc3 d5 7.Nf3 dxc4 8.Qxc4 b6
9.Qc2 Bb7 10.Bg5 h6 11.Bxf6 Qxf6 12.Qxc7 Bxf3 13.exf3 Qxd4 14.Qc2 Nd7 15.Rd1 Qe5+
16.Qe4 Qxe4+ 17.fxe4 Nc5 18.Bd3 Rac8 19.Ke2 e5 20.Ke3 Nb3 21.Bb1 Nd4 22.Rc1 Rfd8
23.Ba2 Kf8 24.g3 Nc2+ 25.Ke2 Rc5 26.Rhd1 Rdc8 27.Kd2 Ke7 28.Bb1 Rd8+ 29.Ke2 Nd4+
30.Ke3 Rdc8 31.Rxc5 bxc5 32.Ba2 c4 33.Kd2 Nf3+ 34.Kc3 Nxh2 35.Bxc4 Ng4 36.Rd2 h5
37.Kb4 g5 38.f3 Ne3 39.Bd3 h4 40.gxh4 gxh4 41.Rh2 Rh8 42.Ka5 Rh6 43.b4 h3
44.a4 Ng2 45.Bf1 Nf4 46.b5 Rg6 47.Bxh3 Rh6 48.Rc2 Rxh3 49.Rc7+ Kd6 50.Rxf7 Rxf3
51.Rxa7 Re3 52.Rh7 Rxe4 53.b6 Re1 54.b7 Rb1 55.Ka6 e4 56.Ka7 e3 57.b8=Q+ Rxb8
58.Kxb8 e2 59.Rh1 Kc5 60.Rb1 Nd5 61.a5 Nc3 62.Rh1 Kb5 63.Rh5+ Kc4 64.Re5 Kd3
65.a6 Ne4 66.Rxe4  1/2-1/2

[Event "17th Schloss Open A"]
[Site "Werther GER"]
[Date "2011.04.15"]
[Round "2"]
[White "Hilverda,A"]
[Black "Epishin,V"]
[Result "0-1"]
[WhiteElo "2217"]
[BlackElo "2567"]

1.d4 Nf6 2.c4 e6 3.Nc3 Bb4 4.Qc2 O-O 5.a3 Bxc3+ 6.Qxc3 Qe8 7.b4 d5 8.c5 a5
9.Bf4 Qa4 10.bxa5 Nc6 11.Nf3 Ne4 12.Qb2 Nxc5 13.Bxc7 Nb3 14.Rd1 Bd7 15.e3 Rfc8
16.Bd6 Ncxa5 17.Bd3 Bb5 18.O-O Bxd3 19.Rxd3 Nc4 20.Qxb3 Nxd6 21.g3 b5 22.Rb1 Qxb3
23.Rbxb3 Rc1+ 24.Kg2 Rac8 25.Rd2 f6 26.Ra2 Ra8 27.Ng1 Rc4 28.Ne2 Rac8 29.Nf4 Kf7
30.Nd3 Rc2 31.Rxc2 Rxc2 32.a4 bxa4 33.Ra3 Nc4 34.Rxa4 Nxe3+ 35.Kf3 Nf5 36.g4 Nh4+
37.Ke3 Ng2+ 38.Kf3 Rc3 39.Ke2 g5 40.Ra7+ Kg6 41.Nc5 Nf4+ 42.Kd2 Rc4 43.Nd7 Rxd4+
44.Ke1 f5 45.Nf8+ Kf6 46.Nxh7+ Ke5 47.Nxg5 fxg4 48.Nf7+ Ke4 49.Ng5+ Kf5 50.Nf7 Rb4
51.Nh6+ Kg6 52.Ng8 Rb1+ 53.Kd2 Rb2+  0-1

[Event "TCh-HUN 2010-11"]
[Site "Nagykanizsa HUN"]
[Date "2011.04.17"]
[Round "9"]
[White "Izsak,Gyu"]
[Black "Lenic,L"]
[Result "1/2-1/2"]
[WhiteElo "2472"]
[BlackElo "2603"]

1.d4 Nf6 2.c4 e6 3.Nc3 Bb4 4.Qc2 O-O 5.Nf3 c5 6.dxc5 Bxc5 7.Bg5 Be7 8.e3 b6
9.Be2 Bb7 10.O-O d6 11.Rfd1 a6 12.Rac1 Nbd7 13.Qb1 Rc8 14.Nd2 Ne5 15.Bf4 Qc7
16.h3 Rfd8 17.Bg3 Qb8 18.b4 h6 19.a3 Kh8 20.Bf1 Qa8 21.Bxe5 dxe5 22.Na4 Qa7
23.c5 bxc5 24.Nxc5 Bxc5 25.Rxc5 Rxc5 26.bxc5 Rd7 27.Nb3 Rxd1 28.Qxd1 Bd5
29.Qc2 Bxb3 30.Qxb3 Qxc5 31.Bxa6 g5 32.Qb2 Kg7 33.Bd3 Qa5 34.Qb4 Qxb4 35.axb4 Nd5
36.b5 Kf6 37.e4 Nb6 38.Kh2 Ke7 39.Kg3 Nd7 40.h4 Nf6 41.hxg5 hxg5 42.f3 Kd6
43.Be2 Kc5 44.Bf1 Kb6 45.Be2 Kc5 46.Bf1  1/2-1/2

[Event "17th Schloss Open A"]
[Site "Werther GER"]
[Date "2011.04.17"]
[Round "6"]
[White "Hilverda,A"]
[Black "Lehmann,Ho"]
[Result "1/2-1/2"]
[WhiteElo "2217"]
[BlackElo "2163"]

1.d4 Nf6 2.c4 e6 3.Nc3 Bb4 4.Qc2 O-O 5.a3 Bxc3+ 6.Qxc3 b5 7.cxb5 c6 8.Bg5 cxb5
9.e3 Bb7 10.f3 a6 11.Bd3 Nc6 12.Ne2 h6 13.Bh4 Nd5 14.Bxd8 Nxc3 15.bxc3 Rfxd8
16.Kd2 Na5 17.Rhb1 Bd5 18.e4 Bc4 19.Nc1 d5 20.e5 Rdc8 21.Bxc4 Nxc4+ 22.Kd3 Nb6
23.Ne2 Na4 24.f4 Rc6 25.Ra2 Rac8 26.Rc2 Rc4 27.Rb4 Kf8 28.Rc1 R4c6 29.Rb3 Ke7
30.Rf1 f5 31.h4 g6 32.Rf3 Kf7 33.Kd2 Rc4 34.Rf1 Nb6 35.Rb4 R4c6 36.Kd3 Na4
37.Rb3 Rg8 38.Rh1 Rgc8 39.Kd2 Kg7 40.Rh3 Kf7 41.Nc1 Rc4  1/2-1/2

[Event "Duflex Cup IM 2011"]
[Site "Frydek Mistek CZE"]
[Date "2011.04.22"]
[Round "4"]
[White "Wiley,To"]
[Black "Jurek,J"]
[Result "1/2-1/2"]
[WhiteElo "2297"]
[BlackElo "2338"]

1.d4 e6 2.c4 Nf6 3.Nc3 Bb4 4.Qc2 O-O 5.a3 Bxc3+ 6.Qxc3 b6 7.Bg5 Bb7 8.e3 d6
9.Ne2 Nbd7 10.Qd3 h6 11.Bh4 Ba6 12.Nc3 d5 13.Qc2 Bxc4 14.Bxc4 dxc4 15.Qa4 c5
16.Rd1 cxd4 17.Rxd4 Qc7 18.Rxc4 Qb7 19.O-O Rfc8 20.Rd4 Nc5 21.Qb5 a6 22.Qe2 e5
23.Rd6 Nfe4 24.Nxe4 Nxe4 25.Rd3 Nc5 26.Rd6 Ne4 27.Rd3 Nc5 28.Rd6 Ne4  1/2-1/2

[Event "9th V Nabokov GM"]
[Site "Kyiv UKR"]
[Date "2011.04.22"]
[Round "5.5"]
[White "Golichenko,I"]
[Black "Soltanici,R"]
[Result "1/2-1/2"]
[WhiteElo "2412"]
[BlackElo "2373"]

1.d4 Nf6 2.c4 e6 3.Nc3 Bb4 4.Qc2 O-O 5.a3 Bxc3+ 6.Qxc3 b6 7.Bg5 Bb7 8.f3 d6
9.e4 c5 10.d5 Nbd7 11.Nh3 exd5 12.cxd5 h6 13.Bxf6 Nxf6 14.Bd3 a6 15.b4 Rc8
16.a4 b5 17.O-O a5 18.bxc5 b4 19.Qc4 Rxc5 20.Qd4 Qb6 21.Nf2 Nd7 22.Rfd1 Rfc8
23.Bb5 Qd8 24.Nd3 Rc3 25.Rac1 Rxc1 26.Rxc1 Rxc1+ 27.Nxc1 Nc5 28.Nd3 Nxd3
29.Bxd3 Qc7 30.Kf2 Bc8 31.Bc4 Bd7 32.Bb3 Qc1 33.Qd1 Qc5+ 34.Kg3 Qe3 35.Qc2 f5
36.exf5 Qg5+ 37.Kf2 Qh4+ 38.Kf1 Qxh2 39.Qe4 Qh1+ 40.Kf2 Qa1 41.g4 Qb2+ 42.Qc2 Qd4+
43.Kg2 h5 44.Qc7 Qb2+ 45.Qc2 Qe5 46.Qc7 Qe2+ 47.Kg3 Qe1+ 48.Kg2 Qe2+ 49.Kg3 Qe5+
50.Kg2 Qb2+ 51.Kg3 Qe5+ 52.Kg2 Qe7 53.Qxa5 Qe2+ 54.Kg3 Qe5+ 55.Kg2 hxg4 56.fxg4 Qb2+
57.Kf1 Qb1+ 58.Kf2 Qb2+ 59.Kf1  1/2-1/2

[Event "Branko Vukmanovic Mem Open"]
[Site "Tivat MNE"]
[Date "2011.04.23"]
[Round "8.4"]
[White "Miron,L"]
[Black "Rajkovic,Du"]
[Result "1/2-1/2"]
[WhiteElo "2501"]
[BlackElo "2411"]

1.d4 Nf6 2.c4 e6 3.Nc3 Bb4 4.Qc2 O-O 5.e4 d5 6.e5 Ne4 7.Bd3 c5 8.Ne2 cxd4
9.Nxd4 Nc5 10.O-O Nxd3 11.Qxd3 Nc6 12.Nf3 dxc4 13.Qxc4 Qa5 14.Qe4 h6 15.Rd1 Rd8
16.Bd2 Bd7 17.a3 Bxc3 18.Bxc3 Qc7 19.Qc4  1/2-1/2

[Event "9th OK-TX Match"]
[Site "Davis USA"]
[Date "2011.04.24"]
[Round "2.11"]
[White "Munoz,Claudia"]
[Black "Berry,F"]
[Result "1-0"]
[WhiteElo "1785"]
[BlackElo "1900"]

1.d4 Nf6 2.c4 e6 3.Nc3 Bb4 4.Qc2 O-O 5.Nf3 c5 6.e3 d5 7.dxc5 Nc6 8.cxd5 Nxd5
9.Bd2 Bxc5 10.a3 Bb6 11.Nxd5 exd5 12.Bd3 h6 13.O-O Bg4 14.Be2 Rc8 15.Qa4 Bd7
16.Qd1 Re8 17.Bc3 a6 18.Qxd5 Qe7 19.Rfd1 Rcd8 20.Qh5 Bxe3 21.Re1 Ba7 22.Bxa6 Be6
23.Bc4 Qd6 24.Bxe6 Rxe6 25.Rxe6 Qxe6 26.Re1 Qc4 27.Qh4 Qd5 28.Qg3 Nd4 29.Nh4 Bb8
30.Qg4 Be5 31.h3 Bf6 32.Bxd4 Bxd4 33.Nf5 Qc5 34.Nxd4 Rxd4 35.Qf3 Rd7 36.b4 Qd6
37.Re8+ Kh7 38.Qf5+ g6 39.Qe4 Qd1+ 40.Kh2 Qd6+ 41.Qe5 Qxe5+ 42.Rxe5 Kg7 43.a4 Kf6
44.Rb5 Ke6 45.Kg3 Kd6 46.Rc5 Rc7 47.Rxc7 Kxc7 48.Kf4  1-0

[Event "15th Neckar Open"]
[Site "Deizisau GER"]
[Date "2011.04.24"]
[Round "7"]
[White "Erdos,V"]
[Black "Bruedigam,M"]
[Result "1-0"]
[WhiteElo "2597"]
[BlackElo "2317"]

1.d4 Nf6 2.c4 e6 3.Nc3 Bb4 4.Qc2 O-O 5.Nf3 b6 6.e4 c5 7.e5 cxd4 8.a3 dxc3
9.axb4 Ne8 10.Qxc3 f6 11.Be2 Bb7 12.O-O fxe5 13.Nxe5 d6 14.Nf3 Qf6 15.Qxf6 gxf6
16.Nd4 Nc7 17.Bh6 Re8 18.Ra3 Kh8 19.Rfa1 Rg8 20.f3 a6 21.b5 a5 22.b4 axb4
23.Rxa8 Bxa8 24.Ra7 Rc8 25.Bg7+ Kg8 26.Bxf6 Kf7 27.Bg5 e5 28.Nf5  1-0

[Event "Duflex Cup IM 2011"]
[Site "Frydek Mistek CZE"]
[Date "2011.04.24"]
[Round "7"]
[White "Wiley,To"]
[Black "Jedlicka,A"]
[Result "0-1"]
[WhiteElo "2297"]
[BlackElo "2253"]

1.d4 Nf6 2.c4 e6 3.Nc3 Bb4 4.Qc2 O-O 5.a3 Bxc3+ 6.Qxc3 b6 7.Bg5 Ba6 8.e3 d6
9.Bd3 Nbd7 10.Ne2 h6 11.Bh4 c5 12.O-O Rc8 13.Qb3 d5 14.Qa4 cxd4 15.exd4 Bxc4
16.Bxc4 Rxc4 17.Qxa7 Rc2 18.Nc3 Rxb2 19.Rab1 Rxb1 20.Rxb1 Qa8 21.Qxa8 Rxa8
22.Rb3 Ne4 23.Nxe4 dxe4 24.Be7 Rc8 25.g4 Rc4 26.Rb4 Rxb4 27.Bxb4 Nf6 28.h3 Nd5
29.Bd2 f5 30.a4 Kf7 31.a5 bxa5 32.Bxa5 Nf4 33.Kh2 Ne2 34.Bb6 f4 35.Kg2 f3+
36.Kh2 g6  0-1

[Event "Luebeck GM"]
[Site "Luebeck GER"]
[Date "2011.04.25"]
[Round "1"]
[White "Svane,R"]
[Black "Epishin,V"]
[Result "1/2-1/2"]
[WhiteElo "2216"]
[BlackElo "2567"]

1.d4 Nf6 2.c4 e6 3.Nc3 Bb4 4.Qc2 O-O 5.e4 c5 6.e5 cxd4 7.a3 dxc3 8.axb4 Ng4
9.Qxc3 Qc7 10.f4 f6 11.Be2 Nh6 12.exf6 Rxf6 13.Nf3 b6 14.O-O Nc6 15.b3 Bb7
16.b5 Ne7 17.Ba3 Ng6 18.g3 Nf7 19.Rad1 d6 20.Ng5 Nxg5 21.fxg5 Rxf1+ 22.Bxf1 Rd8
23.Bh3 Qe7 24.Qe3 e5 25.Bf5 e4 26.Bxg6 hxg6 27.Bb2 d5 28.cxd5 Rxd5 29.Rxd5 Bxd5
30.h4 Qb4 31.Qc3 Qxc3 32.Bxc3 Bxb3 33.Be5 Bc4 34.Bb8 a5 35.bxa6 Bxa6 36.Kf2 b5
37.Bd6 Kf7 38.Bb4 Ke6 39.Bc3 Kf5 40.Bxg7 b4 41.Ke3 Bb7 42.Bf8 b3 43.Bg7 Bd5  1/2-1/2

[Event "ch-RUS Rapid Women"]
[Site "Olginka RUS"]
[Date "2011.04.25"]
[Round "3"]
[White "Romanko,M"]
[Black "Kovanova,B"]
[Result "1/2-1/2"]
[WhiteElo "2402"]
[BlackElo "2376"]

1.d4 Nf6 2.c4 e6 3.Nc3 Bb4 4.Qc2 O-O 5.a3 Bxc3+ 6.Qxc3 d5 7.Bg5 dxc4 8.Qxc4 b6
9.Rd1 Ba6 10.Qc2 Nbd7 11.e4 Bxf1 12.Kxf1 h6 13.Bh4 Qc8 14.f3 c5 15.Ne2 cxd4
16.Nxd4 Qxc2 17.Nxc2 Rac8 18.Ne3 Nc5 19.Ke2 Nh5 20.Bg3 Nxg3+ 21.hxg3 Rfd8
22.b4 Na4 23.Rxd8+ Rxd8 24.Rc1 Rd7 25.Rc8+ Kh7 26.Ng4 f6 27.Rc6 Kg6 28.Rxe6 Nc3+
29.Ke3 Nd1+ 30.Ke2 Nc3+ 31.Kf2 Rd2+ 32.Kg1 Ne2+ 33.Kh1 Nxg3+ 34.Kh2 Ne2 35.Re7 Nd4
36.Kg3 h5 37.Ne3 Rd3 38.a4 Ra3 39.a5  1/2-1/2

[Event "ch-RUS Rapid Women"]
[Site "Olginka RUS"]
[Date "2011.04.26"]
[Round "9"]
[White "Shaidullina,S"]
[Black "Ambartsumova,K"]
[Result "0-1"]
[WhiteElo "2178"]
[BlackElo "2308"]

1.d4 Nf6 2.c4 e6 3.Nc3 Bb4 4.Qc2 O-O 5.e4 d6 6.Bd3 e5 7.d5 Nbd7 8.a3 Bxc3+
9.Qxc3 Nc5 10.Bg5 Nfxe4 11.Bxd8 Nxc3 12.Bh4 Nxd3+ 13.Kd2 Nxf2 14.Bxf2 Ne4+
15.Ke1 Nxf2 16.Kxf2 f5 17.Ne2 Bd7 18.Rac1 c6 19.dxc6 Bxc6 20.Rhd1 Rad8 21.Nc3 Kf7
22.Rd2 Ke6 23.Rcd1 g5 24.b4 b6 25.a4 e4 26.Rd4 Ke5 27.a5 f4 28.axb6 axb6
29.Nd5 e3+ 30.Ke1 h5 31.Ne7 Be4 32.c5 bxc5 33.bxc5 Rf7 34.cxd6 Bxg2 35.Ra4 Rxd6
36.Ra5+ Ke6 37.Rxd6+ Kxd6 38.Nc8+ Ke6 39.Rxg5 f3 40.Rg6+ Kf5 41.Rg3 f2+ 42.Ke2 f1=Q+
43.Kxe3 Qe1+ 44.Kd4 Rd7+ 45.Kc5 Qe5+ 46.Kb6 Rb7+  0-1

[Event "Karlovy Vary Open"]
[Site "Karlovy Vary CZE"]
[Date "2011.04.28"]
[Round "1.18"]
[White "Hellinger,Jan"]
[Black "Ondrejat,M"]
[Result "0-1"]
[WhiteElo "1667"]
[BlackElo "2029"]

1.d4 Nf6 2.c4 e6 3.Nc3 Bb4 4.Qc2 O-O 5.a3 Bxc3+ 6.Qxc3 b6 7.Nf3 Bb7 8.g3 d6
9.Bg2 Nbd7 10.O-O Qe7 11.Rd1 Rab8 12.Bf4 Ne4 13.Qc2 f5 14.h4 h6 15.Qc1 Kh7
16.a4 a5 17.Ra3 Rg8 18.Be3 Ndf6 19.Bh3 Ng4 20.Bxg4 fxg4 21.Nh2 h5 22.Qc2 g6
23.d5 exd5 24.cxd5 Rbe8 25.Rd4 Nc5 26.Nf1 Bc8 27.Rf4 Rgf8 28.Rxf8 Qxf8 29.Nd2 Qf7
30.Qc4 Ba6 31.Qc2 Qxd5 32.Nb3 Bb7  0-1

[Event "2nd Lille Open"]
[Site "Lille FRA"]
[Date "2011.04.30"]
[Round "8.9"]
[White "Maiorov,N1"]
[Black "Smirnov,Arte"]
[Result "1-0"]
[WhiteElo "2540"]
[BlackElo "2425"]

1.d4 Nf6 2.c4 e6 3.Nc3 Bb4 4.Qc2 O-O 5.a3 Bxc3+ 6.Qxc3 b5 7.cxb5 c6 8.Bg5 cxb5
9.e3 Bb7 10.Nf3 a6 11.Bd3 d6 12.O-O Nbd7 13.Rfc1 Qb6 14.Qb4 Nd5 15.Qe1 h6
16.Bh4 f5 17.Nd2 Rac8 18.Bc2 e5 19.dxe5 Nxe5 20.Qd1 f4 21.e4 Nc7 22.Kh1 g5
23.Qh5 Rf7 24.Qxh6 Ne6 25.Nb3 d5 26.exd5  1-0

[Event "TCh-HUN 2010-11"]
[Site "Budapest HUN"]
[Date "2011.05.01"]
[Round "10"]
[White "Markos,J"]
[Black "Ilincic,Z"]
[Result "1/2-1/2"]
[WhiteElo "2566"]
[BlackElo "2447"]

1.d4 Nf6 2.c4 e6 3.Nc3 Bb4 4.Qc2 O-O 5.e4 d6 6.a3 Bxc3+ 7.bxc3 e5 8.Bd3 Nh5
9.Ne2 Qf6 10.O-O g5 11.c5 Nc6 12.cxd6 cxd6 13.f3 Kh8 14.Bb2 Nf4 15.Rad1 b6
16.Bb5 Ne7 17.c4 a6 18.Ba4 Nxe2+ 19.Qxe2 Ra7 20.Qe3 Rc7 21.h4 h6 22.dxe5 dxe5
23.f4 gxf4 24.Rxf4 Qg7 25.Rd6 Rxc4 26.Bb3 Rc6 27.Rff6 Rxd6 28.Rxd6 f6 29.Rxb6 Ng6
30.Bc1 Nf4 31.g3 Rd8 32.Rb8 Kh7 33.Bd5 Qg4 34.Kf2 Nxd5 35.exd5 Qf5+ 36.Kg1 Rxd5
37.Qxh6+ Kg8 38.Bd2 Kf7 39.Rb3 Bd7 40.Rb6 Bb5 41.Rb7+ Ke6 42.Rb6+ Rd6 43.Rxd6+ Kxd6
44.Qf8+ Kd5 45.Qa8+ Kd4 46.Qa7+ Kd5 47.Qa8+ Kd4 48.Qa7+ Kd5  1/2-1/2

[Event "Karlovy Vary Open"]
[Site "Karlovy Vary CZE"]
[Date "2011.05.03"]
[Round "8.26"]
[White "Hellinger,Jan"]
[Black "Ruzicka,V1"]
[Result "0-1"]
[WhiteElo "1667"]
[BlackElo "1714"]

1.d4 Nf6 2.c4 e6 3.Nc3 Bb4 4.Qc2 O-O 5.a3 Bxc3+ 6.Qxc3 d5 7.Bg5 h6 8.Bh4 g5
9.Bg3 Ne4 10.Qc2 f5 11.f3 Nxg3 12.hxg3 Kg7 13.e3 Nd7 14.Rc1 Nf6 15.Bd3 Qd6
16.Qf2 Bd7 17.Ne2 a6 18.c5 Qe7 19.Nc3 Rae8 20.Kd2 e5 21.Rce1 e4 22.Bc2 b6
23.b4 bxc5 24.bxc5 Rb8 25.Rb1 c6 26.Na4 Be6 27.Rb6 Rxb6 28.Nxb6 Nd7 29.Rb1 Rb8
30.a4 a5 31.Nxd7 Rxb1 32.Bxb1 Qxd7 33.Ke1 Qb7 34.Qc2 Qb4+ 35.Ke2 Bc8 36.Ba2 Ba6+
37.Kf2 Bd3 38.Qc1 Qxa4 39.Bxd5 cxd5 40.c6 Qc4 41.Qa3 Qb4 42.Qc1 Bc4 43.c7 Qb7
44.c8=Q Qxc8 45.Qa3 Qc7 46.Kg1 Kf7 47.Kh2 exf3 48.gxf3 h5 49.f4 g4 50.Qa4 Bd3
51.Qa1 Qc2+ 52.Kg1 Qb1+  0-1